Some eminent Indian scientists and technologists (Record no. 14863)
[ view plain ]
| 000 -LEADER | |
|---|---|
| fixed length control field | 00580nam a2200181Ia 4500 |
| 003 - CONTROL NUMBER IDENTIFIER | |
| control field | IN-BaIIA |
| 008 - FIXED-LENGTH DATA ELEMENTS--GENERAL INFORMATION | |
| fixed length control field | 211028s9999 xx 000 0 eng d |
| 040 ## - CATALOGING SOURCE | |
| Transcribing agency | IIA Library |
| 080 ## - UNIVERSAL DECIMAL CLASSIFICATION NUMBER | |
| Universal Decimal Classification number | [8]:01:00 |
| Item number | GOP |
| 100 ## - MAIN ENTRY--PERSONAL NAME | |
| Personal name | Gopalakrishnan, K. V |
| 9 (RLIN) | 26794 |
| 245 #0 - TITLE STATEMENT | |
| Title | Some eminent Indian scientists and technologists |
| Statement of responsibility, etc. | K. V. Gopalakrishnan |
| 260 ## - PUBLICATION, DISTRIBUTION, ETC. | |
| Place of publication, distribution, etc. | New Delhi |
| Name of publisher, distributor, etc. | National Council of Education Research and Training |
| Date of publication, distribution, etc. | 2001 |
| 300 ## - PHYSICAL DESCRIPTION | |
| Extent | xii, 118p. |
| 650 ## - SUBJECT ADDED ENTRY--TOPICAL TERM | |
| Topical term or geographic name entry element | Indian scientists |
| 9 (RLIN) | 26795 |
| 650 ## - SUBJECT ADDED ENTRY--TOPICAL TERM | |
| Topical term or geographic name entry element | Indian technologists |
| 9 (RLIN) | 26796 |
| 650 ## - SUBJECT ADDED ENTRY--TOPICAL TERM | |
| Topical term or geographic name entry element | Scientific revolution |
| 9 (RLIN) | 26797 |
| 942 ## - ADDED ENTRY ELEMENTS (KOHA) | |
| Koha item type | Books |
| Withdrawn status | Lost status | Damaged status | Not for loan | Home library | Current library | Shelving location | Date acquired | Cost, normal purchase price | Total Checkouts | Full call number | Barcode | Date last seen | Cost, replacement price | Price effective from | Koha item type | Purchase Price |
|---|---|---|---|---|---|---|---|---|---|---|---|---|---|---|---|---|
| IIA Library-Bangalore | IIA Library-Bangalore | General Stacks | 12/12/2002 | 32.00 | 92:5/ GOP | 15785 | 05/11/2021 | 32.00 | 12/12/2002 | Books | Rs. 32.00 |